000 00823nam a22002537a 4500
003 UA-OsUOA
001 104936
007 ta
008 20140203b un ||||| |||| 00| 0 ukr d
100 _aСливка С.
090 _a340.12(477)
_bС47
942 _cBK
040 _aUA-OsUOA
_bukr
_cUA-OsUOA
_dUA-OsUOA
245 _aУкраїнська національна філософія права: антологічний ракурс
_bмонографія
300 _a168 с.
955 _a1
041 _aukr
080 _a340.12(477)
020 _a5-8326-0079-7
591 _aСкрипнюк О. В.
260 _aЛьвів
_bВоля
_c2001
650 7 _a340 Право в цілому. Пропедевтика. Методи та допоміжні правничі науки
_2UDC
999 _c389877
_d389877